Africa and the Victorians : the official mind of imperialism /
Main Author:
Other Authors: ,
Format: Book
Language: English
Published:
London :
MacMillan,
1961.
Subjects:
Tags: Add Tag
Call Number: DT28 .R66 1961
| LEADER | 00776namaa2200253 4500 | ||
|---|---|---|---|
| 001 | 18828 | ||
| 003 | OSt | ||
| 005 | 20260316065851.0 | ||
| 008 | 130303s1961 enk 000 0 eng d | ||
| 040 | |c ARCE Library | ||
| 043 | |a e-uk--- |a f----- | ||
| 050 | 4 | |a DT28 .R66 1961 | |
| 100 | 1 | |a Robinson, Ronald, |d 1920-1999, |e author | |
| 245 | 1 | 0 | |a Africa and the Victorians : |b the official mind of imperialism / |c by Ronald Robinson and John Gallagher, with Alice Denny. |
| 264 | 1 | |a London : |b MacMillan, |c 1961. | |
| 300 | |a xii, 491 pages ; |c 23 cm. | ||
| 555 | |a wafaa.lib. | ||
| 650 | 0 | |a Imperialism. | |
| 651 | 0 | |a Great Britain |x Colonies |z Africa. | |
| 700 | 1 | |a Gallagher, John, |d 1919-1980. | |
| 700 | 1 | |a Denny, Alice. | |
| 901 | |a reviewed | ||
| 942 | |c BK |2 lcc | ||
| 999 | |c 20206 |d 20206 | ||
